000 00988 a2200277 4500
005 20241007143805.0
008 140219s2002 sp a frn 001 0 spa d
020 _a9788484322931
040 _aCO-BoUCM
_bspa
_cDavid Moreno
_dDavid Moreno
041 _aspa
100 1 _aHawking, Stephen
_953590
245 1 3 _aEl universo en una cáscara de nuez
_cStephen Hawking; traducción castellana de David Jou
260 _bCritica
_aBarcelona (España)
_c2002
300 _aviii, 216 Páginas
_bilustraciones
504 _aIncluye referencias bibliográficas e índices
650 _98748
_aAgujeros negros
650 7 _914888
_aEspacio y tiempo
650 7 _915910
_aFísica cuántica
650 7 _aCosmología
_912048
650 7 _aRelatividad (Física)
_923483
690 _aCiencias naturales
_910813
700 _aJou, David
_etraductor
_956661
765 _tThe universe in a nutshell
942 _a25
_cLIBRO
_e1
_mH392
_2DEWEY
_h523.1
_n0
999 _c184493
_d184493